000 00214 a2200097 4500
020 _a9780740619267
041 _aspa
100 _aChristine Finochio y Jennette Mackenzie
245 _aDonde esta mi libro
942 _cBK
999 _c1875
_d1875